| 000 | 00784cam a2200277 i 4500 | ||
|---|---|---|---|
| 001 | 000001720 | ||
| 003 | DO-SdBNP | ||
| 005 | 20260323085657.0 | ||
| 007 | ta | ||
| 008 | 260322s1959 sp 001 p spa | ||
| 040 |
_aDO-SdBNP _bspa _cBNPHU _erda |
||
| 041 | _aspa | ||
| 082 | 4 |
_axxx _bR696d _222 |
|
| 100 | 1 |
_aRodríguez Rivero, Luis _eautor _97565 |
|
| 245 | 1 | 0 |
_aDon Carlos de la Torre en las instituciones de Matanzas / _cLuis Rodriguez Rivero |
| 264 |
_aMatanzas, Bani : _b[Editora desconocida] _c1959 |
||
| 300 |
_a22 páginas ; _c24 cm. |
||
| 336 |
_2rdacontent _atexto _btxt |
||
| 337 |
_2rdamedia _asin mediación _bn |
||
| 338 |
_2rdacarrier _avolumen _bnc |
||
| 590 | _aInventariado, 2026/DG | ||
| 650 | _9631 | ||
| 650 | _94846 | ||
| 910 | _aDG | ||
| 942 |
_2ddc _cLF2 |
||
| 999 |
_c60526 _d60526 |
||